| 000 | 01288nam a2200325 i 4500 | ||
|---|---|---|---|
| 001 | 146389 | ||
| 003 | ES-MaACL | ||
| 005 | 20250827095207.0 | ||
| 007 | t| | ||
| 008 | 070907s1980 sp ||||1| spa d | ||
| 017 |
_aM 10144-1980 _bOficina Depósito Legal Madrid |
||
| 020 | _a84-500-3628-3 | ||
| 080 | _a342.565.2(460)"1979"(094.5) | ||
| 110 | 1 |
_aEspaña. _bCortes Generales. _eisb _93668 |
|
| 245 | 1 | 0 |
_aTribunal Constitucional : _btrabajos parlamentarios / _c[edición preparada por Juan Alfonso Santamaría Pastor] |
| 260 |
_a[Madrid] : _bCortes Generales, Servicio de Estudios y Publicaciones, _c[1980] |
||
| 300 |
_aXII, 634 páginas ; _c25 cm |
||
| 490 | 1 |
_aTrabajos parlamentarios ; _9229997 _v2 |
|
| 500 | _aIncluye texto de la Ley Orgánica del Tribunal Constitucional, 1979 | ||
| 610 | 1 | 4 |
_aEspaña. _bTribunal Constitucional _94001 |
| 610 | 1 | 4 |
_aEspaña. _tLey Orgánica del Tribunal Constitucional, 1979 _9173849 |
| 655 | 0 |
_aProyectos de ley _9241401 |
|
| 655 | 0 |
_aLegislación _9226283 |
|
| 700 | 1 |
_aSantamaría Pastor, Juan Alfonso, _d1942- _epbl _9103312 |
|
| 830 | 0 |
_9229997 _aTrabajos parlamentarios ; _v2 |
|
| 852 |
_aES-MaACL _cDEPO2 _jC-21824 |
||
| 942 |
_2udc _cMONOGRAFIA _n0 |
||
| 999 |
_c146389 _d146389 |
||